000
00231 a2200097 4500
001
14703
100
_a
Aziz A
245
_a
Punjab mughaloon kay ahid zawal main
260
_a
_b
Punjab research Foundation
_c
090
_c
11488
_d
11488
942
_a
NUST-CAE
_c
M
_c
1656
999
_c
249776
_d
249776